Elenca la formazione - Quiz n°298 - Statistics

Statistiche generali
  • Questo quiz è stato fatto 26 volte
  • Il punteggio medio è 6 su 11
Statistiche sulle risposte
Ruolo Club dell'epoca Calciatore % Corretto
Centrocampista Bayern Monaco Arjen Robben
88%
Centrocampista Inter Wesley Sneijder
88%
Attaccante Arsenal Robin van Persie
85%
Attaccante Schalke 04 Klaas-Jan Huntelaar
77%
Portiere Roma Maarten Stekelenburg
73%
Centrocampista Manchester City Nigel de Jong
73%
Difensore Ajax Gregory van der Wiel
35%
Centrocampista Tottenham Rafael van der Vaart
35%
Difensore Feyenoord Ron Vlaar
19%
Difensore Malaga Joris Mathijsen
15%
Difensore PSV Jetro Willems
8%
Nessun quiz corrispondente trovato
Distribuzione punteggi
Percentuale di utenti per punteggio
Percentile per numero di risposta
I tuoi punteggi nel tempo
Non hai fatto questo quiz